| 000 | 01413nab a2200229 i 4500 | ||
|---|---|---|---|
| 001 | 768714001 | ||
| 003 | CO-MdFUSB | ||
| 005 | 20240528082153.0 | ||
| 008 | 240528t1975 sp ||||| |||| 00| 0 spa d | ||
| 040 |
_bspa _cCO-MdFUSB _dCO-MdFUSB |
||
| 041 | _aspa | ||
| 100 |
_aBenzo, Miguel, _eautor |
||
| 245 | 3 |
_aEl rechazo de la duda _c/ Miguel Benzo |
|
| 520 | _aMuchos cristianos contemporáneos (¿acaso la mayoría?) se encuentran en una situación difícil y ambigua, causa a veces de no pocos sufrimientos: por una parte, se sienten intelectualmente inseguros ante los enunciados de la fe y las enseñanzas dogmáticas y morales del magisterio; por otra parte, se les ha dicho que admitir la duda en tales materias constituye un pecado. Vacilan entre ser honrados con lo que su inteligencia les muestra y ser fieles a la condición de «buenos creyentes». En cuanto al talante afectivo ante tal situación, varía entre dos extremos: «quisiera estar completamente seguro de mi fe» y «quisiera eliminar la fe de mi vida». | ||
| 650 | 7 |
_aConflicto cultural _96950 |
|
| 650 | 0 |
_aVida cristiana _919 |
|
| 650 | 7 |
_aFilosofía _97168 |
|
| 650 | 7 |
_aFe _9531 |
|
| 773 | 0 |
_049450 _982690 _oR2599 _tRevista internacional de teología Concilium _w(CO-MdFUSB)8 _x0210-1041 _gVolumen 109, (noviembre, 1975) páginas: 364 - 373 _qpáginas: 364 |
|
| 942 | _cANA | ||
| 945 | _aCatherine Arias Álvarez - Practicante SENA | ||
| 999 |
_c69945 _d69945 |
||